Bridge Procedures Guide / (Record no. 33)

000 -LEADER
fixed length control field 00586nam a2200205Ia 4500
008 - FIXED-LENGTH DATA ELEMENTS--GENERAL INFORMATION
fixed length control field 190719s2016 xxka|||g||||||||| ||eng||
020 ## - INTERNATIONAL STANDARD BOOK NUMBER
Terms of availability £ 135.00
040 ## - CATALOGING SOURCE
Original cataloging agency IMU Kochi Library
Language of cataloging eng
041 0# - LANGUAGE CODE
Language code of text/sound track or separate title eng
044 ## - COUNTRY OF PUBLISHING/PRODUCING ENTITY CODE
MARC country code United Kingdom
082 04 - DEWEY DECIMAL CLASSIFICATION NUMBER
Edition number 23
Classification number 623.888
Item number In821/B
110 ## - MAIN ENTRY--CORPORATE NAME
Corporate name or jurisdiction name as entry element International Chamber of Shipping (London)
245 #0 - TITLE STATEMENT
Title Bridge Procedures Guide /
250 ## - EDITION STATEMENT
Edition statement 5th ed.
260 ## - PUBLICATION, DISTRIBUTION, ETC. (IMPRINT)
Place of publication, distribution, etc London :
Name of publisher, distributor, etc Marisec Publications,
Date of publication, distribution, etc 2016
300 ## - PHYSICAL DESCRIPTION
Extent 136 p.
Other physical details : ill.
Dimensions ; 30 cm +
Accompanying material 1 CD-ROM
650 ## - SUBJECT ADDED ENTRY--TOPICAL TERM
Topical term or geographic name as entry element Navigation
General subdivision Safety measures
852 ## - LOCATION/CALL NUMBER
Location IMU Kochi Library
942 ## - ADDED ENTRY ELEMENTS (KOHA)
Item type Books
Holdings
Withdrawn status Lost status Source of classification or shelving scheme Damaged status Not for loan Collection code Permanent location Current location Shelving location Date acquired Source of acquisition Cost, normal purchase price Total Checkouts Full call number Barcode Date last seen Date last borrowed Koha item type Public note
          Nautical Science IMU Kochi Library IMU Kochi Library Reference 2017-06-16 Sterling Book House 11664.00 7 623.888 In821/B BK004183 2023-05-03 2023-05-03 Books Shelf-4, Row-4
          Nautical Science IMU Kochi Library IMU Kochi Library Reference 2017-06-16 Sterling Book House 11664.00 4 623.888 In821/B BK004184 2023-12-01 2023-12-01 Reference book Shelf-4, Row-4
          Nautical Science IMU Kochi Library IMU Kochi Library Reference 2017-06-16 Sterling Book House 11664.00 9 623.888 In821/B BK004185 2024-05-08 2024-04-29 Books Shelf-4, Row-4
          Nautical Science IMU Kochi Library IMU Kochi Library Staff Office 2017-06-16 Accompanying Material (free with textbook)     623.888 In821/B CD 004183CD 2020-09-11   Compact Disc Circulation Sec, Drawer No.4
          Nautical Science IMU Kochi Library IMU Kochi Library Staff Office 2017-06-16 Accompanying Material (free with textbook)     623.888 In821/B CD 004184CD 2020-09-11   Compact Disc Circulation Sec, Drawer No.4
          Nautical Science IMU Kochi Library IMU Kochi Library Staff Office 2017-06-16 Accompanying Material (free with textbook)     623.888 In821/B CD 004185CD 2020-09-11   Compact Disc Circulation Sec, Drawer No.4


Copyright © All Rights Reserved by Indian Maritime University, Kochi Campus.
For any Suggestions/Query Contact to library or Email: library.kochi@imu.ac.in Ph:(0484)-2989402
(Web OPAC Designed by Rudra Ranjan. Maintained by IMU Kochi Library)

Powered by Koha